| 000 | 00509nam a2200205Ia 4500 | ||
|---|---|---|---|
| 008 | 180207s9999 xx 000 0 und d | ||
| 020 | _a28982533 | ||
| 050 | _bF853 1989 | ||
| 100 | _aFreedom, Darlene | ||
| 245 | _aLearn to read : | ||
| 245 | _bI can jump / | ||
| 245 | _cDarlene Freeman ; illustrated by Heidi Petach. | ||
| 260 | _aNew York : | ||
| 260 | _bCheckerboard, | ||
| 260 | _c1989 | ||
| 300 | _aunpaged : | ||
| 300 | _bcolor illustration ; | ||
| 300 | _c20cm. | ||
| 440 | _aBig & easy. | ||
| 999 |
_c355452 _d355452 |
||